Применение инверсионной вольтамперометрии для контроля ловастатина в костных имплантах; Химия и химическая технология в XXI веке; Т. 1

Bibliographic Details
Parent link:Химия и химическая технология в XXI веке: материалы XXIV Международной научно-практической конференции студентов и молодых ученых имени выдающихся химиков Л. П. Кулёва и Н. М. Кижнера, посвященной 85-летию со дня рождения профессора А. В. Кравцова, Томск, 15-19 мая 2023 г./ Национальный исследовательский Томский политехнический университет (ТПУ) ; Инженерная школа природных ресурсов ; Инженерная школа новых производственных технологий ; Исследовательская школа химических и биомедицинских технологий ; Инженерная школа ядерных технологий.— , 2023
Т. 1.— 2023.— [С. 217-218]
Main Author: Богословский В. Владимир
Corporate Author: Национальный исследовательский Томский политехнический университет Исследовательская школа химических и биомедицинских технологий
Other Authors: Немятов С. Н. (научный руководитель), Слепченко Г. Б. Галина Борисовна
Summary:Заглавие с титульного экрана
Language:Russian
Published: 2023
Series:Химия и химическая технология органических веществ и материалов
Subjects:
Online Access:http://earchive.tpu.ru/handle/11683/76643
Format: Electronic Book Chapter
KOHA link:https://koha.lib.tpu.ru/cgi-bin/koha/opac-detail.pl?biblionumber=635819

MARC

LEADER 00000naa2a2200000 4500
001 635819
005 20231101133900.0
035 |a (RuTPU)RU\TPU\conf\37676 
035 |a RU\TPU\conf\37675 
090 |a 635819 
100 |a 20230619d2023 k y0rusy50 ca 
101 0 |a rus 
102 |a RU 
105 |a y z 101zy 
135 |a drgn ---uucaa 
181 0 |a i  
182 0 |a b 
200 1 |a Применение инверсионной вольтамперометрии для контроля ловастатина в костных имплантах  |f В. Богословский, С. Н. Немятов  |g науч. рук. Г. Б. Слепченко 
203 |a Текст  |c электронный 
225 1 |a Химия и химическая технология органических веществ и материалов 
230 |a 1 компьютерный файл (pdf; 1 216 Kb) 
300 |a Заглавие с титульного экрана 
320 |a [Библиогр.: с. 218 (2 назв.)] 
461 1 |0 (RuTPU)RU\TPU\conf\37590  |t Химия и химическая технология в XXI веке  |o материалы XXIV Международной научно-практической конференции студентов и молодых ученых имени выдающихся химиков Л. П. Кулёва и Н. М. Кижнера, посвященной 85-летию со дня рождения профессора А. В. Кравцова, Томск, 15-19 мая 2023 г.  |o в 2 т.  |f Национальный исследовательский Томский политехнический университет (ТПУ) ; Инженерная школа природных ресурсов ; Инженерная школа новых производственных технологий ; Исследовательская школа химических и биомедицинских технологий ; Инженерная школа ядерных технологий  |d 2023 
463 1 |0 (RuTPU)RU\TPU\conf\37591  |t Т. 1  |v [С. 217-218]  |d 2023 
610 1 |a труды учёных ТПУ 
610 1 |a электронный ресурс 
610 1 |a вольтамперометрия 
610 1 |a контроль 
610 1 |a ловастатин 
610 1 |a костные имплантаты 
610 1 |a адресная доставка 
610 1 |a покрытия 
610 1 |a инверсионная вольтамперометрия 
700 1 |a Богословский  |b В.  |c специалист в области биотехнологий  |c инженер Томского политехнического университета  |f 1995-  |g Владимир  |2 stltpush  |3 (RuTPU)RU\TPU\pers\46621 
701 1 |a Немятов  |b С. Н. 
702 1 |a Слепченко  |b Г. Б.  |c химик  |c профессор Томского политехнического университета, доктор химических наук  |f 1956-  |g Галина Борисовна  |2 stltpush  |4 727 
712 0 2 |a Национальный исследовательский Томский политехнический университет  |b Исследовательская школа химических и биомедицинских технологий  |c (2017- )  |h 8120  |2 stltpush  |3 (RuTPU)RU\TPU\col\23537 
801 2 |a RU  |b 63413507  |c 20230731  |g RCR 
856 4 |u http://earchive.tpu.ru/handle/11683/76643 
942 |c BK